[Event "C.to Provinciale BG"]
[Site "Bergamo ITA"]
[Date "2003.11.14"]
[Round "6"]
[White "Bertoletti, Vincenzo"]
[Black "Riva, Carlo"]
[Result "0-1"]
[WhiteElo "1338"]
[BlackElo "1519"]
[PlyCount "112"]
[EventDate "2003.10.10"]

1. d4 d5 2. Nf3 c6 3. g3 Nf6 4. Bg2 h6 5. O-O Bf5 6. b3 Nbd7 7. Bb2 e6 8. Nbd2
Ne4 9. c4 Nxd2 10. Nxd2 dxc4 11. Nxc4 Nb6 12. Rc1 Nd7 13. e4 Bg6 14. e5 Be7 15.
Qe2 O-O 16. Be4 Bxe4 17. Qxe4 Nb6 18. f4 Nd5 19. Ne3 Nxe3 20. Qxe3 Qd5 21. Qc3
Rac8 22. Qc4 Qxc4 23. bxc4 h5 24. Kg2 Rfd8 25. Rc3 Rxd4 26. Rf2 Bc5 27. Rfc2
Rcd8 28. Kh3 Rd2 29. Bc1 Rxc2 30. Rxc2 g6 31. Kg2 Rd3 32. Bd2 Kf8 33. Be1 Ke7
34. Bf2 Bxf2 35. Kxf2 Kd8 36. Ke2 Rd7 37. h4 c5 38. a3 Kc7 39. Rc3 Rd4 40. Kf3
Kc6 41. a4 a6 42. a5 b6 43. axb6 Kxb6 44. Rb3+ Ka5 45. Ra3+ Kb4 46. Rxa6 Rd7
47. Ke3 Kxc4 48. Rd6 Rc7 49. Kd2 Kb5 50. Rd8 c4 51. Kc3 Ra7 52. Rb8+ Kc5 53.
Rc8+ Kd5 54. Rd8+ Ke4 55. Rd4+ Kf3 56. Kxc4 Ra4+ 0-1

[Event "C.to Provinciale BG"]
[Site "Bergamo ITA"]
[Date "2003.11.14"]
[Round "6"]
[White "Biava, Pierluigi"]
[Black "Mazzotti, Federico"]
[Result "0-1"]
[WhiteElo "1579"]
[BlackElo "1635"]
[PlyCount "64"]
[EventDate "2003.10.10"]

1. e4 Nf6 2. Nc3 d5 3. Bb5+ c6 4. Bd3 d4 5. e5 Ng4 6. Ne4 Nxe5 7. Be2 d3 8.
cxd3 Nxd3+ 9. Bxd3 Qxd3 10. Qf3 Qxf3 11. Nxf3 Bf5 12. Ng3 Bd3 13. Ne5 Ba6 14.
d3 Nd7 15. Nc4 O-O-O 16. Be3 e6 17. O-O Be7 18. Rac1 Kb8 19. Bf4+ Ka8 20. Rfe1
Nc5 21. Ne5 Rhf8 22. Ne4 Nxd3 23. Nxd3 Bxd3 24. Nc5 Bg6 25. b4 Rd4 26. Be5 Rxb4
27. Bxg7 Rd8 28. Bh6 Rb2 29. a3 Rc2 30. Rxc2 Bxc2 31. Be3 Rd5 32. Rc1 Bxc5 0-1

[Event "C.to Provinciale BG"]
[Site "Bergamo ITA"]
[Date "2003.11.14"]
[Round "6"]
[White "Citerio, Fabio"]
[Black "Cambieri, Mario"]
[Result "1-0"]
[WhiteElo "1599"]
[BlackElo "1774"]
[PlyCount "79"]
[EventDate "2003.10.10"]

1. d4 Nf6 2. c4 c5 3. Nf3 cxd4 4. Nxd4 d6 5. Nc3 g6 6. e4 Bg7 7. Be2 Bd7 8. O-O
O-O 9. f4 Nc6 10. Be3 Rc8 11. Rc1 b6 12. b3 Nxd4 13. Bxd4 Bc6 14. Qd3 e6 15.
Bf3 Qe7 16. Rce1 Rfd8 17. f5 Qd7 18. fxg6 hxg6 19. h3 e5 20. Be3 Qb7 21. Bg5
Ne8 22. Bxd8 Rxd8 23. Nd5 Qd7 24. Bg4 Qb7 25. Qe3 Bxd5 26. cxd5 Nf6 27. Qg5 Qe7
28. h4 Re8 29. Bf3 Nd7 30. Qxe7 Rxe7 31. Rc1 Nc5 32. Rfd1 f5 33. exf5 gxf5 34.
b4 Nb7 35. Rc6 e4 36. Bh5 e3 37. Kf1 Kh7 38. Ke2 Nd8 39. Rxd6 Nf7 40. Re6 1-0

[Event "C.to Provinciale BG"]
[Site "Bergamo ITA"]
[Date "2003.11.14"]
[Round "6"]
[White "Del Monte, Jorge Luis"]
[Black "Riggio, Mauro"]
[Result "1-0"]
[WhiteElo "2046"]
[BlackElo "1714"]
[PlyCount "39"]
[EventDate "2003.10.10"]

1. e4 e5 2. Bc4 Nf6 3. d3 Bc5 4. Ne2 O-O 5. O-O c6 6. Bg5 h6 7. Bh4 b5 8. Bb3
d6 9. Kh1 g5 10. Bg3 Be6 11. Bxe6 fxe6 12. d4 exd4 13. Qd3 Nh5 14. f4 Nxg3+ 15.
Qxg3 Nd7 16. Nd2 e5 17. Qg4 exf4 18. Nxf4 Kh7 19. Ne6 Ne5 20. Nxf8+ 1-0

[Event "C.to Provinciale BG"]
[Site "Bergamo ITA"]
[Date "2003.11.14"]
[Round "6"]
[White "Elitropi, Giorgio"]
[Black "Villa, Claudio"]
[Result "1/2-1/2"]
[WhiteElo "1716"]
[BlackElo "1728"]
[PlyCount "43"]
[EventDate "2003.10.10"]

1. e4 e5 2. f4 d5 3. exd5 e4 4. d3 Nf6 5. dxe4 Nxe4 6. Nf3 Bc5 7. Qe2 Qe7 8.
Nc3 Nxc3 9. Qxe7+ Kxe7 10. bxc3 Re8 11. Kd1 Bg4 12. Bd3 Nd7 13. Rb1 Nb6 14. c4
c6 15. dxc6 bxc6 16. Bd2 Rad8 17. Rf1 Kf8 18. Rb3 Re7 19. Kc1 f6 20. Nh4 Be6
21. Ba5 Red7 22. f5 1/2-1/2

[Event "C.to Provinciale BG"]
[Site "Bergamo ITA"]
[Date "2003.11.14"]
[Round "6"]
[White "Fiorona, Gianpietro"]
[Black "Impellizzeri, Francesco"]
[Result "1-0"]
[WhiteElo "1621"]
[BlackElo "1570"]
[PlyCount "119"]
[EventDate "2003.10.10"]

1. d4 Nf6 2. Nc3 d5 3. Bg5 Nbd7 4. Qd2 e6 5. Nf3 Be7 6. h4 c5 7. e3 a6 8. Be2
h6 9. Bxf6 Nxf6 10. O-O-O cxd4 11. Nxd4 Bd7 12. g4 Bb4 13. f3 Rc8 14. g5 Ng8
15. a3 Bxc3 16. bxc3 Qa5 17. Kb2 Ne7 18. Nb3 Qc7 19. gxh6 Rxh6 20. Bd3 b5 21.
Rdg1 Kf8 22. f4 e5 23. fxe5 Qxe5 24. Rg5 f5 25. Nd4 Rf6 26. Rhg1 Rf7 27. Be2 g6
28. h5 gxh5 29. Rxh5 Rg7 30. Rgh1 Kf7 31. Nf3 Qc7 32. Qd4 Rcg8 33. Rh6 Kf8 34.
Rxa6 Bc6 35. Ne5 Bb7 36. Rf6+ Ke8 37. Bxb5+ Kd8 38. Nf7+ Kc8 39. Nd6+ Kb8 40.
Nxb7 Kxb7 41. Ba6+ Ka8 42. Bb5 Kb7 43. Ra6 Kb8 44. Rhh6 Rg6 45. Rhxg6 Rxg6 46.
Rxg6 Nxg6 47. Qxd5 Ne7 48. Qb3 Ka7 49. Qa4+ Kb8 50. Qd4 Nc8 51. c4 Nd6 52. a4
Ne4 53. Kb3 Nc5+ 54. Kb4 Ne4 55. c5 Qe7 56. a5 Kc7 57. Bd3 Kb7 58. Bxe4+ fxe4
59. Qd5+ Kb8 60. Qd6+ 1-0

[Event "C.to Provinciale BG"]
[Site "Bergamo ITA"]
[Date "2003.11.14"]
[Round "6"]
[White "Gerali, Paolo"]
[Black "Begni, Carlo"]
[Result "1/2-1/2"]
[WhiteElo "1500"]
[BlackElo "1461"]
[PlyCount "111"]
[EventDate "2003.10.10"]

1. d4 e6 2. c4 Nf6 3. Nf3 h6 4. g3 c6 5. Bg2 d5 6. Qc2 Be7 7. O-O O-O 8. Rd1
Nbd7 9. Nbd2 a5 10. e4 dxe4 11. Nxe4 Nxe4 12. Qxe4 Nf6 13. Qc2 Bd6 14. b3 Qe7
15. c5 Bc7 16. Bb2 Bd7 17. Ne5 Nd5 18. a3 Be8 19. Re1 Bxe5 20. Rxe5 f6 21. Re2
Qd7 22. Rae1 Bf7 23. Bc1 Rfe8 24. Bd2 f5 25. Re5 Kf8 26. Bxd5 cxd5 27. R5e2 Bg6
28. Bf4 Bf7 29. b4 g5 30. Bd6+ Kg8 31. Qd2 a4 32. Be5 Bg6 33. f4 g4 34. Qd3 Bf7
35. b5 Rec8 36. Rc2 Ra5 37. Rb1 Be8 38. b6 Rb5 39. Rxb5 Qxb5 40. Qxb5 Bxb5 41.
Rb2 Bc6 42. h3 gxh3 43. Rh2 Kh7 44. Rxh3 Kg6 45. Kf2 Ra8 46. Rh1 Ra5 47. Rb1
Kh5 48. Kf3 Kg6 49. Rb2 h5 50. Rb1 Be8 51. Rb2 Kf7 52. Kg2 Ke7 53. Kh3 Rb5 54.
Rxb5 Bxb5 55. Kh4 Be8 56. Kg5 1/2-1/2

[Event "C.to Provinciale BG"]
[Site "Bergamo ITA"]
[Date "2003.11.14"]
[Round "6"]
[White "Gualdi, Paolo"]
[Black "Omacini, Mario"]
[Result "1-0"]
[WhiteElo "1413"]
[BlackElo "1374"]
[PlyCount "73"]
[EventDate "2003.10.10"]

1. e4 c5 2. Nf3 d6 3. c3 Nf6 4. Bd3 Nc6 5. O-O Nh5 6. Bc2 e6 7. d4 cxd4 8. cxd4
g6 9. d5 Nb4 10. Ba4+ Bd7 11. Nc3 e5 12. a3 Na6 13. b4 Nf6 14. Re1 Qc7 15.
Bxd7+ Nxd7 16. Nb5 Qb6 17. Qe2 Rc8 18. Be3 Qd8 19. Rac1 Rb8 20. Rc2 Be7 21.
Rec1 O-O 22. Nxa7 Nb6 23. Nc6 bxc6 24. Qxa6 cxd5 25. Bxb6 Rxb6 26. Qd3 dxe4 27.
Qxe4 Qb8 28. Rc6 Qa8 29. Qc4 Rxc6 30. Qxc6 Qxa3 31. b5 d5 32. Nxe5 Rb8 33. h3
Rxb5 34. Qe8+ Bf8 35. Qxf7+ Kh8 36. Qf6+ Bg7 37. Rc8+ 1-0

[Event "C.to Provinciale BG"]
[Site "Bergamo ITA"]
[Date "2003.11.14"]
[Round "6"]
[White "Mansueti, Marco"]
[Black "Asperti, Fabio"]
[Result "1/2-1/2"]
[WhiteElo "1633"]
[BlackElo "1606"]
[PlyCount "58"]
[EventDate "2003.10.10"]

1. d4 d6 2. c4 g6 3. Nc3 Bg7 4. e4 Nf6 5. Nf3 O-O 6. h3 e5 7. d5 c6 8. Be3 cxd5
9. cxd5 Nbd7 10. b4 a6 11. Bd3 b5 12. O-O Nb6 13. Nd2 Bb7 14. a4 Rc8 15. Qb3
Nc4 16. axb5 axb5 17. Bg5 Qb6 18. Nxb5 Nxd2 19. Bxd2 Nxe4 20. Bxe4 Qxb5 21. Ra5
Qe2 22. Be3 Qc4 23. Qxc4 Rxc4 24. Rb5 Ba6 25. Rb6 Rxe4 26. Rxa6 Rxb4 27. Rxd6
Ra8 28. Rc6 Bf8 29. Rd1 Rd8 1/2-1/2

[Event "C.to Provinciale BG"]
[Site "Bergamo ITA"]
[Date "2003.11.14"]
[Round "6"]
[White "Mora, Lorenzo"]
[Black "Stefanelli, Alfredo"]
[Result "0-1"]
[WhiteElo "1705"]
[BlackElo "1663"]
[PlyCount "74"]
[EventDate "2003.10.10"]

1. d4 Nf6 2. c4 e6 3. Nc3 c5 4. d5 exd5 5. cxd5 d6 6. e4 Nbd7 7. Nf3 a6 8. a4
Be7 9. Bd3 O-O 10. O-O Re8 11. Re1 Bf8 12. Bg5 Qb6 13. Qc2 h6 14. Bf4 Nh5 15.
g3 Nxf4 16. gxf4 c4 17. Bxc4 Nc5 18. a5 Qd8 19. b4 Bg4 20. bxc5 Bxf3 21. Qd3
Bh5 22. Qh3 g6 23. cxd6 Qxd6 24. e5 Qb4 25. Ra4 Qb2 26. Ne4 Kg7 27. Nf6 Bc5 28.
Nxh5+ gxh5 29. Qg3+ Kh8 30. Kf1 Qc2 31. Bb3 Qd2 32. Rc4 Rg8 33. Qf3 Rg1+ 34.
Kxg1 Qxe1+ 35. Kg2 Rg8+ 36. Qg3 Qxf2+ 37. Kh3 Qf1+ 0-1

[Event "C.to Provinciale BG"]
[Site "Bergamo ITA"]
[Date "2003.11.14"]
[Round "6"]
[White "Mora, Paolo"]
[Black "Canova, Luca"]
[Result "1-0"]
[WhiteElo "2014"]
[BlackElo "1821"]
[PlyCount "117"]
[EventDate "2003.10.10"]

1. e4 e5 2. Nf3 Nc6 3. Nc3 Nf6 4. d4 exd4 5. Nd5 Be7 6. Bf4 d6 7. Nxd4 Nxd5 8.
exd5 Nxd4 9. Qxd4 Bf6 10. Qb4 O-O 11. O-O-O a5 12. Qd2 Bf5 13. c3 Qd7 14. Bc4
b5 15. Bd3 Bxd3 16. Qxd3 b4 17. c4 Qa4 18. Kb1 Rfe8 19. Rhe1 Qd7 20. f3 a4 21.
Bd2 b3 22. a3 Rxe1 23. Rxe1 Re8 24. Rxe8+ Qxe8 25. Qe4 Qd8 26. c5 dxc5 27. Qxa4
Qb8 28. Bf4 g5 29. Be3 Qb6 30. Qc4 Be7 31. Bd2 Kg7 32. a4 Qg6+ 33. Kc1 Qb6 34.
a5 Qb7 35. Be3 Qa7 36. Bd2 Qb7 37. Kd1 h6 38. Bc3+ f6 39. Ke2 Bd6 40. g3 c6 41.
dxc6 Qxc6 42. Qxb3 c4 43. Qb6 Qd5 44. Qd4 Qe6+ 45. Kf2 Be5 46. Qe4 Kf7 47. Bxe5
fxe5 48. Qb7+ Ke8 49. Qb8+ Kd7 50. Qb7+ Kd8 51. Qb6+ Qxb6+ 52. axb6 Kc8 53. Ke3
Kb7 54. Ke4 Kxb6 55. Kxe5 Kb5 56. f4 gxf4 57. gxf4 Kb4 58. f5 Kb3 59. Kd4 1-0

[Event "C.to Provinciale BG"]
[Site "Bergamo ITA"]
[Date "2003.11.11"]
[Round "6"]
[White "Romano, Zeno"]
[Black "Cattaneo, Dario"]
[Result "0-1"]
[WhiteElo "1506"]
[BlackElo "1393"]
[PlyCount "50"]
[EventDate "2003.10.10"]

1. e4 e6 2. d4 d5 3. Nc3 c5 4. Nf3 Nc6 5. Be3 cxd4 6. Nxd4 Bb4 7. Ndb5 Bxc3+ 8.
Nxc3 d4 9. Qd2 dxe3 10. Qxe3 Qb6 11. Qxb6 axb6 12. Nb5 Rb8 13. Nd6+ Ke7 14. Nc4
Nf6 15. e5 Nd5 16. g3 b5 17. Nd6 Nxe5 18. Nxb5 Bd7 19. Nd4 Bc6 20. f4 Ng4 21.
Bg2 Rhc8 22. O-O Nde3 23. Bxc6 bxc6 24. Rfe1 Nxc2 25. Rec1 Nxa1 0-1

[Event "C.to Provinciale BG"]
[Site "Bergamo ITA"]
[Date "2003.11.14"]
[Round "6"]
[White "Scarpellini, Felice"]
[Black "Gozzini, Giambattista"]
[Result "1-0"]
[WhiteElo "1648"]
[BlackElo "1600"]
[PlyCount "111"]
[EventDate "2003.10.10"]

1. c4 Nf6 2. Nc3 g6 3. g3 Bg7 4. Bg2 O-O 5. Nf3 c6 6. O-O d6 7. Rb1 e5 8. d3
Nh5 9. e4 f5 10. exf5 Bxf5 11. Nh4 Nf6 12. Nxf5 gxf5 13. f4 Qb6+ 14. Kh1 Ng4
15. Qf3 Nd7 16. h3 Nh6 17. Be3 Qc7 18. Qf2 Rae8 19. Qd2 Rf6 20. b4 Rg6 21. Bf2
Rge6 22. Ne2 Nf6 23. b5 e4 24. Nd4 R6e7 25. Rfe1 c5 26. Nb3 b6 27. Rbc1 Nf7 28.
d4 Nh8 29. d5 h5 30. Be3 Ng6 31. a4 Bh8 32. Rc2 Rh7 33. Ra2 Qg7 34. a5 h4 35.
axb6 axb6 36. Rea1 hxg3 37. Ra7 Qh6 38. Rxh7 Qxh7 39. Kg1 Nh4 40. Kf1 Nf3 41.
Qe2 Qh5 42. Ra6 Nd7 43. Nd2 Nxd2+ 44. Qxd2 Qf7 45. Qa2 Bd4 46. Qd2 Qf6 47. Ra7
Re7 48. Ra8+ Kg7 49. Qe2 Bxe3 50. Qxe3 Qg6 51. Qc3+ Nf6 52. Rd8 Qh5 53. Ke1 Kf7
54. Rxd6 Nd7 55. Qxg3 Qh8 56. Qg6+ 1-0

[Event "C.to Provinciale BG"]
[Site "Bergamo ITA"]
[Date "2003.11.14"]
[Round "6"]
[White "Testa, Luigi"]
[Black "Di Mauro, Valerio"]
[Result "0-1"]
[WhiteElo "1512"]
[BlackElo "1494"]
[PlyCount "88"]
[EventDate "2003.10.10"]

1. e4 e5 2. Nf3 Nf6 3. Nxe5 d6 4. Nf3 Nxe4 5. Qe2 Qe7 6. d3 Nf6 7. Bg5 Qxe2+ 8.
Bxe2 Be7 9. Nc3 c6 10. O-O O-O 11. Rfe1 Bd7 12. Bf1 Re8 13. d4 Na6 14. Bxa6
bxa6 15. h3 h6 16. Bh4 Rab8 17. Nd1 Be6 18. c3 Nd5 19. Bg3 Nb6 20. Nd2 Bf5 21.
f3 Rbd8 22. Ne3 Bh7 23. b3 d5 24. Ng4 f6 25. f4 Ba3 26. Rxe8+ Rxe8 27. Re1
Rxe1+ 28. Bxe1 Bb2 29. Nf1 a5 30. Bd2 Bb1 31. Nfe3 Nc8 32. c4 Bxd4 33. cxd5
cxd5 34. Kf1 Bxe3 35. Nxe3 d4 36. Nd5 Bxa2 37. Bxa5 Bxb3 38. Nc7 Nd6 39. Ke2
Nc4 40. Bd2 Bc2 41. Nb5 d3+ 42. Ke1 a5 43. Nd4 a4 44. Bc3 a3 0-1

[Event "C.to Provinciale BG"]
[Site "Bergamo ITA"]
[Date "2003.11.21"]
[Round "7"]
[White "Asperti, Fabio"]
[Black "Gerali, Paolo"]
[Result "0-1"]
[WhiteElo "1606"]
[BlackElo "1500"]
[PlyCount "62"]
[EventDate "2003.10.10"]

1. c4 Nf6 2. Nc3 e6 3. e4 d5 4. e5 d4 5. exf6 dxc3 6. fxg7 cxd2+ 7. Bxd2 Bxg7
8. Qc2 Qf6 9. Bc3 e5 10. Nf3 Nc6 11. Bd3 Be6 12. Bd2 h6 13. Be4 Bd7 14. b4 Bg4
15. h3 Bxf3 16. Bxf3 O-O 17. Be4 Nd4 18. Qc1 c6 19. O-O Ne2+ 20. Kh1 Nxc1 21.
Raxc1 Rad8 22. Bc3 Qe6 23. Be1 Rd4 24. Bc2 Bf6 25. Bb3 c5 26. b5 Kh8 27. Bc3
Rd3 28. Rfe1 Rxh3+ 29. Kg1 Rg8 30. f3 Rxf3 31. Bd1 Rxg2+ 0-1

[Event "C.to Provinciale BG"]
[Site "Bergamo ITA"]
[Date "2003.11.21"]
[Round "7"]
[White "Bassis, Ivano"]
[Black "Del Monte, Jorge Luis"]
[Result "1/2-1/2"]
[WhiteElo "1747"]
[BlackElo "2046"]
[PlyCount "49"]
[EventDate "2003.10.10"]

1. e4 Nf6 2. d3 c5 3. Nf3 e6 4. g3 b6 5. Bg2 Bb7 6. O-O Be7 7. Re1 d6 8. Nbd2
Nbd7 9. a4 a6 10. c3 Rc8 11. Nc4 b5 12. axb5 axb5 13. Ne3 O-O 14. b3 Qc7 15. c4
Ra8 16. Bd2 Bc6 17. Qc2 Qb7 18. Bc3 Rxa1 19. Bxa1 Rb8 20. Nd2 Bf8 21. d4 d5 22.
cxd5 exd5 23. dxc5 dxe4 24. b4 Ra8 25. Nb3 1/2-1/2

[Event "C.to Provinciale BG"]
[Site "Bergamo ITA"]
[Date "2003.11.21"]
[Round "7"]
[White "Cambieri, Mario"]
[Black "Begni, Carlo"]
[Result "0-1"]
[WhiteElo "1774"]
[BlackElo "1461"]
[PlyCount "132"]
[EventDate "2003.10.10"]

1. c4 e5 2. Nc3 Nf6 3. g3 Be7 4. Bg2 c6 5. Nf3 d6 6. e4 h6 7. O-O O-O 8. d4 Bg4
9. dxe5 Bxf3 10. Qxf3 dxe5 11. Be3 Qc7 12. a3 Nbd7 13. b4 b6 14. Rac1 Rad8 15.
Qe2 Nh7 16. f4 f6 17. Rf3 exf4 18. Bxf4 Bd6 19. Bxd6 Qxd6 20. Rd1 Qc7 21. b5
Ne5 22. Re3 cxb5 23. cxb5 Ng5 24. Nd5 Qc5 25. Kf1 Qc4 26. Rc3 Qxe2+ 27. Kxe2
Kf7 28. Rc7+ Rd7 29. Rdc1 Rfd8 30. h4 Ne6 31. Rxd7+ Rxd7 32. Bh3 h5 33. Nf4
Nxf4+ 34. gxf4 Ng4 35. Bxg4 hxg4 36. Ke3 g6 37. Rc6 Ke7 38. f5 gxf5 39. exf5
Rd5 40. Kf4 Rxb5 41. Kxg4 Ra5 42. Rc7+ Kf8 43. Rc3 Kg7 44. Rc7+ Kh6 45. Rc3
Ra4+ 46. Kf3 Kh5 47. Rc8 Rxa3+ 48. Kf4 Ra4+ 49. Ke3 Kg4 50. Rg8+ Kxf5 51. h5
Rh4 52. Rg7 Rxh5 53. Rxa7 Kg4 54. Rb7 Rb5 55. Rb8 Rb3+ 56. Kd4 Kf4 57. Rf8 f5
58. Rg8 Kf3 59. Rh8 Rb2 60. Rg8 f4 61. Kd3 Rb1 62. Rh8 Kg4 63. Ke4 Rb4+ 64. Kd3
Kg3 65. Ke2 Rb2+ 66. Kf1 Rh2 0-1

[Event "C.to Provinciale BG"]
[Site "Bergamo ITA"]
[Date "2003.11.18"]
[Round "7"]
[White "Canova, Luca"]
[Black "Elitropi, Giorgio"]
[Result "1-0"]
[WhiteElo "1821"]
[BlackElo "1716"]
[PlyCount "73"]
[EventDate "2003.10.10"]

1. e4 e6 2. d4 d5 3. Nc3 Bb4 4. e5 c5 5. Bd2 Nc6 6. Nb5 Bxd2+ 7. Qxd2 cxd4 8.
Nd6+ Kf8 9. f4 Nh6 10. Nf3 Nf5 11. Nxf5 exf5 12. Nxd4 Nxd4 13. Qxd4 Qa5+ 14. b4
Qb6 15. O-O-O Be6 16. g3 Ke7 17. Bg2 Rhd8 18. Qxb6 axb6 19. Kb2 Rac8 20. Rd4
Rc7 21. Rhd1 Rcd7 22. b5 h5 23. a4 g6 24. c4 dxc4 25. Rxd7+ Bxd7 26. Bxb7 h4
27. Rd6 hxg3 28. hxg3 Rb8 29. Bd5 Rh8 30. Rxb6 Rh3 31. Rb7 Rxg3 32. Bc6 Rd3 33.
Rxd7+ Rxd7 34. Bxd7 Kxd7 35. Kc3 g5 36. fxg5 Ke6 37. b6 1-0

[Event "C.to Provinciale BG"]
[Site "Bergamo ITA"]
[Date "2003.11.21"]
[Round "7"]
[White "Cattaneo, Dario"]
[Black "Mansueti, Marco"]
[Result "0-1"]
[WhiteElo "1393"]
[BlackElo "1633"]
[PlyCount "82"]
[EventDate "2003.10.10"]

1. d4 Nf6 2. Nf3 d5 3. c4 dxc4 4. Nc3 a6 5. e4 b5 6. Be2 Bb7 7. d5 c6 8. e5
Nxd5 9. O-O e6 10. a3 Be7 11. Bd2 Nd7 12. Ne4 Qc7 13. Bg5 Nxe5 14. Bxe7 Nxf3+
15. Bxf3 Qxe7 16. Re1 O-O 17. Qc2 Rad8 18. b4 cxb3 19. Qxb3 c5 20. Qc2 c4 21.
a4 Nb4 22. Qb1 Nd3 23. Re3 b4 24. Be2 a5 25. Bxd3 cxd3 26. Nd2 Qg5 27. Qf1 Rd7
28. Rd1 Rc8 29. Nb3 Rc3 30. Rg3 Qd5 31. Nd2 Qc6 32. Qe1 Qxa4 33. Ra1 Qb5 34.
Qe3 Qc5 35. Qxc5 Rxc5 36. Kf1 a4 37. Re3 Bc6 38. f3 h6 39. Ree1 b3 40. Reb1 Rc2
41. Ke1 b2 0-1

[Event "C.to Provinciale BG"]
[Site "Bergamo ITA"]
[Date "2003.11.21"]
[Round "7"]
[White "Di Mauro, Valerio"]
[Black "Elsido, Massimo"]
[Result "0-1"]
[WhiteElo "1494"]
[BlackElo "1588"]
[PlyCount "52"]
[EventDate "2003.10.10"]

1. e4 e5 2. Nf3 Nc6 3. d4 exd4 4. Bc4 d6 5. Nxd4 Nxd4 6. Qxd4 Nf6 7. O-O Be7 8.
b3 O-O 9. Bb2 Nh5 10. Nc3 Bf6 11. Qe3 c5 12. Rad1 Bd4 13. Qc1 Nf6 14. Nb5 Bxb2
15. Qxb2 Nxe4 16. Rfe1 a6 17. Bd3 Nxf2 18. Kxf2 axb5 19. Kg1 Bd7 20. Re3 Bc6
21. Rg3 g6 22. Qc1 Qf6 23. Rf1 Qg7 24. h4 Qd4+ 25. Kh1 Qxh4+ 26. Rh3 Qxh3+ 0-1

[Event "C.to Provinciale BG"]
[Site "Bergamo ITA"]
[Date "2003.11.21"]
[Round "7"]
[White "Gozzini, Giambattista"]
[Black "Salvi, Gianpietro"]
[Result "1-0"]
[WhiteElo "1600"]
[BlackElo "1600"]
[PlyCount "85"]
[EventDate "2003.10.10"]

1. e4 e5 2. Nf3 Nc6 3. Bb5 a6 4. Bxc6 dxc6 5. O-O f6 6. d4 Bg4 7. c3 Qd7 8. h3
Bh5 9. Be3 O-O-O 10. Na3 Qe6 11. Qe2 h6 12. Rfd1 exd4 13. Rxd4 Rxd4 14. Nxd4
Bxe2 15. Nxe6 Bxa3 16. bxa3 g5 17. Nd4 Bc4 18. Nf5 Rh7 19. Bc5 Rf7 20. f3 b6
21. Bxb6 cxb6 22. Nd6+ Kc7 23. Nxc4 b5 24. Ne3 Rd7 25. Rd1 Ne7 26. Rxd7+ Kxd7
27. Ng4 Ng8 28. Kf2 Kd6 29. Ke3 h5 30. Nf2 Ne7 31. Nd3 c5 32. g3 Ng6 33. f4
gxf4+ 34. gxf4 a5 35. Nc1 c4 36. Ne2 Kc5 37. Ng3 b4 38. axb4+ axb4 39. cxb4+
Kxb4 40. Nxh5 Kc3 41. Nxf6 Kb2 42. Nd5 Ne7 43. Kd4 1-0

[Event "C.to Provinciale BG"]
[Site "Bergamo ITA"]
[Date "2003.11.21"]
[Round "7"]
[White "Longo, Pietro"]
[Black "Fiorona, Gianpietro"]
[Result "1-0"]
[WhiteElo "1588"]
[BlackElo "1621"]
[PlyCount "79"]
[EventDate "2003.10.10"]

1. e4 d5 2. exd5 Qxd5 3. Nc3 Qd6 4. d4 Nf6 5. Nf3 Bg4 6. Be2 c6 7. h3 Bxf3 8.
Bxf3 e6 9. Be3 Nbd7 10. a3 Qc7 11. Qd2 Nd5 12. Nxd5 cxd5 13. O-O Bd6 14. Be2
O-O 15. Bg5 Rac8 16. c3 Nb6 17. Qc2 Bf4 18. Bxf4 Qxf4 19. Bd3 h6 20. Rfe1 Nd7
21. Re3 Nf6 22. Rae1 Kh8 23. Qe2 Qh4 24. Re5 Nd7 25. Rh5 Qf6 26. Bc2 Rfe8 27.
Rxd5 Red8 28. Rh5 Nf8 29. Qe4 Rc6 30. Re3 Rb6 31. b4 Rc8 32. g4 Kg8 33. Rf3 Qg6
34. Qe2 f5 35. Rg3 Qf7 36. gxf5 exf5 37. Rxf5 Qa2 38. Rxg7+ Kxg7 39. Qe7+ Kg8
40. Rxf8+ 1-0

[Event "C.to Provinciale BG"]
[Site "Bergamo ITA"]
[Date "2003.11.21"]
[Round "7"]
[White "Mazzotti, Federico"]
[Black "Mora, Lorenzo"]
[Result "1/2-1/2"]
[WhiteElo "1635"]
[BlackElo "1705"]
[PlyCount "106"]
[EventDate "2003.10.10"]

1. e4 e5 2. Nf3 Nc6 3. Bb5 d6 4. d4 exd4 5. Qxd4 Bd7 6. Bxc6 Bxc6 7. Nc3 Qf6 8.
Bg5 Qxd4 9. Nxd4 h6 10. Bf4 g5 11. Bg3 Bg7 12. Nxc6 bxc6 13. O-O Bd4 14. Rad1
c5 15. Nb5 Rb8 16. Nxc7+ Kd7 17. c3 Kxc7 18. cxd4 c4 19. e5 f5 20. exd6+ Kd7
21. Be5 Rh7 22. Rc1 Rxb2 23. Rxc4 Rb7 24. Rfc1 Ke6 25. Rc7 Rd7 26. Rxd7 Kxd7
27. Kf1 h5 28. Rc7+ Rxc7 29. dxc7 Ne7 30. Bf6 Nc6 31. Bxg5 Kxc7 32. Be3 Kd6 33.
d5 Kxd5 34. Ke2 Nb4 35. a3 Nc2 36. Kf3 a5 37. Bd2 a4 38. Kf4 Nxa3 39. Kxf5 Nc4
40. Bc3 a3 41. Ba1 Nd2 42. f4 Nb3 43. Bc3 Kc4 44. Be5 a2 45. Ke4 Nd2+ 46. Ke3
Nf1+ 47. Ke4 Nxh2 48. f5 Ng4 49. Ba1 h4 50. f6 Nh6 51. Ke5 Kd3 52. Kf4 Nf7 53.
Kg4 Ke4 1/2-1/2

[Event "C.to Provinciale BG"]
[Site "Bergamo ITA"]
[Date "2003.11.21"]
[Round "7"]
[White "Riggio, Mauro"]
[Black "Citerio, Fabio"]
[Result "0-1"]
[WhiteElo "1714"]
[BlackElo "1599"]
[PlyCount "124"]
[EventDate "2003.10.10"]

1. e4 e6 2. d4 d5 3. Nd2 b6 4. e5 c5 5. c3 Nc6 6. Bd3 cxd4 7. cxd4 Bd7 8. Ngf3
f5 9. O-O Nge7 10. Nb3 Ng6 11. Ng5 Be7 12. Qh5 Bxg5 13. Bxg5 Nce7 14. Rac1 O-O
15. Rc3 Rc8 16. Rfc1 Rxc3 17. Rxc3 h6 18. Bd2 Be8 19. Qe2 Nc6 20. Ba6 Qh4 21.
Rh3 Qe4 22. Qxe4 fxe4 23. Bc8 Bf7 24. Bb7 Nge7 25. a3 Rb8 26. Ba6 Nf5 27. Bc3
Be8 28. g4 Nfe7 29. f4 Bg6 30. Rg3 Rf8 31. Bd2 Kh7 32. Rc3 Be8 33. Kg2 g6 34.
Bb7 Nd8 35. Rc7 Rf7 36. Ba6 Ba4 37. Nc1 Nec6 38. Rxf7+ Nxf7 39. b3 Nb8 40. Be2
Bd7 41. b4 Ba4 42. h4 Nc6 43. Be3 a5 44. bxa5 Nxa5 45. Na2 Bb3 46. Nb4 Nd8 47.
Bb5 Nc4 48. Bc1 Kg7 49. Kg3 Kf7 50. f5 gxf5 51. gxf5 exf5 52. Nxd5 Nxa3 53.
Bxa3 Bxd5 54. Kf4 Ne6+ 55. Ke3 f4+ 56. Kf2 Nxd4 57. Ba4 e3+ 58. Ke1 Nf3+ 59.
Kd1 Nxe5 60. Bd6 Ke6 61. Bc7 f3 62. Bxb6 e2+ 0-1

[Event "C.to Provinciale BG"]
[Site "Bergamo ITA"]
[Date "2003.11.21"]
[Round "7"]
[White "Riva, Carlo"]
[Black "Gualdi, Paolo"]
[Result "1-0"]
[WhiteElo "1519"]
[BlackElo "1413"]
[PlyCount "56"]
[EventDate "2003.10.10"]

1. e4 e6 2. d4 d5 3. exd5 exd5 4. Bd3 Nc6 5. c3 Nf6 6. Bf4 Bd6 7. Bxd6 Qxd6 8.
Nf3 O-O 9. O-O Re8 10. h3 Be6 11. Nbd2 Qd7 12. Qc2 g6 13. Rae1 Nh5 14. Ng5 Nf4
15. Nxe6 Nxd3 16. Qxd3 Rxe6 17. Rxe6 Qxe6 18. Nf3 Re8 19. Re1 Qc8 20. Rxe8+
Qxe8 21. Qb5 Qc8 22. Qxd5 Ne7 23. Qc4 c6 24. Qc5 Nd5 25. Qxa7 Qe6 26. Qxb7 Nf4
27. Qb8+ Kg7 28. Qxf4 Qxa2 1-0

[Event "C.to Provinciale BG"]
[Site "Bergamo ITA"]
[Date "2003.11.21"]
[Round "7"]
[White "Romano, Zeno"]
[Black "Testa, Luigi"]
[Result "1-0"]
[WhiteElo "1506"]
[BlackElo "1512"]
[PlyCount "83"]
[EventDate "2003.10.10"]

1. e4 e5 2. Nf3 Nf6 3. Nc3 d6 4. d4 exd4 5. Nxd4 Be7 6. Bc4 O-O 7. O-O a6 8. f4
c5 9. Nf3 b5 10. Bd3 c4 11. Be2 Qb6+ 12. Kh1 Bb7 13. Nd5 Nxd5 14. exd5 Nd7 15.
b3 Bf6 16. Rb1 c3 17. Qd3 b4 18. Be3 Qa5 19. Ng5 Bxg5 20. fxg5 Ne5 21. Qd4 Qxd5
22. Qxd5 Bxd5 23. Rfd1 Be6 24. Rxd6 a5 25. Rbd1 Bg4 26. Bxg4 Nxg4 27. Bb6 Ne5
28. R1d5 Rfe8 29. Rd8 Ng4 30. Kg1 Ne3 31. Rxe8+ Rxe8 32. Bxe3 f6 33. Kf2 Ra8
34. Bb6 a4 35. Rd8+ Rxd8 36. Bxd8 axb3 37. axb3 Kf7 38. gxf6 gxf6 39. Ba5 Ke6
40. Bxb4 Kd5 41. Bxc3 f5 42. Ke3 1-0